Emerging technologies : (Registro nro. 3990)

Detalles MARC
000 -CABECERA
Campo de control 00741nam a2200241 a 4500
005 - FECHA Y HORA DE LA ULTIMA TRANSACCION
Campo de control 20160228101929.0
008 - ELEMENTOS DE LONGITUD FIJA—INFORMACION GENERAL
Campo de control 160228t2004 -usd fr|||| 000 0 eng d
020 ## - ISBN
ISBN 9832729262
040 ## - FUENTE DE CATALOGACIÓN
Agencia catalogadora original CO-BoIAVH
Agencia transcriptora CO-BoIAVH
041 0# - IDIOMA
Código de idioma para texto/pista de sonido o título separado Inglés
044 ## - PAÍS DE PUBLICACIÓN
País de publicación Estados Unidos
082 04 - NUMERO DE CLASIFICACION DECIMAL DEWEY
Número de clasificación 660.65
Número del ítem S95e
110 2# - ASIENTO PRINCIPAL--NOMBRE CORPORATIVO
Unidad subordinad Sunshine Project
9 (RLIN) 63044
245 10 - MENCION DE TITULO
Título Emerging technologies :
Parte restante del título genetic engineering and biological weapons
260 ## - PUBLICACION, DISTRIBUCION, ETC. (PIE DE IMPRENTA)
Lugar de publicación, distribución, etc. Austin :
Nombre del editor, distribuidor, etc. Sunshine project :
-- TWN,
Fecha de publicación, distribución, etc. c2004.
300 ## - DESCRIPCION FISICA
Extensión 46 páginas :
Otros detalles físicos Gráficas ;
Dimensiones 24 x 17 cm.
650 16 - ASIENTO SECUNDARIO DE MATERIA - TERMINO TEMATICO
Término temático o nombre geográfico como elemento de entrada Ingeniería genética
9 (RLIN) 63045
650 26 - ASIENTO SECUNDARIO DE MATERIA - TERMINO TEMATICO
Término temático o nombre geográfico como elemento de entrada Armas biológicas
9 (RLIN) 63046
650 26 - ASIENTO SECUNDARIO DE MATERIA - TERMINO TEMATICO
Término temático o nombre geográfico como elemento de entrada Biotecnología
9 (RLIN) 63047
650 26 - ASIENTO SECUNDARIO DE MATERIA - TERMINO TEMATICO
Término temático o nombre geográfico como elemento de entrada Salud pública
9 (RLIN) 63048
710 2# - ASIENTO SECUNDARIO - NOMBRE CORPORATIVO
Nombre corporativo o de jurisdicción como elemento de entrada Third World Network
9 (RLIN) 63049
942 ## - ELEMENTOS ADICIONALES (KOHA)
Tipo de ítem Libro
Sistema de clasificación Dewey Decimal Classification
Existencias
Withdrawn status Lost status Sistema de Clasificación Damaged status No para préstamo Colección Inventariado Ubicación Permanente Ubicación actual Fecha de adquisición Fuente de Valor Valor Total Checkouts Número topográfico Inventario / Código de Barras Date last seen Ejemplar Price effective from Tipo de material
    Dewey Decimal Classification     General Inventariado 2017 Bogotá Bogotá 02/07/2004 Instituto 39000.00   LB-660.65 S95e 016351 04/12/2012 Ej.1 04/12/2012 Libro